চাঁপাই নবাবগঞ্জ পৌর প্রশাসনের পর্যায়ক্রমিক বিকাশ ও আর্থ-সামাজিক উন্নয়ন (১৯০৩-২০০৩) / (Record no. 82942)
[ view plain ]
| 000 -LEADER | |
|---|---|
| fixed length control field | 01746nam a2200253 a 4500 |
| 001 - CONTROL NUMBER | |
| RUCL Control Number | 82942 |
| 003 - CONTROL NUMBER IDENTIFIER | |
| rucl marc code | BD-RjUL |
| 005 - DATE AND TIME OF LATEST TRANSACTION | |
| control field | 20240204180143.0 |
| 008 - FIXED-LENGTH DATA ELEMENTS--GENERAL INFORMATION | |
| fixed length control field | 240204s2010 bg a|||| m||| 00| 0 ben d |
| 035 ## - SYSTEM CONTROL NUMBER | |
| system control number | (BD-RjUL)82942 |
| 040 ## - CATALOGING SOURCE | |
| Original cataloging agency | BD-RjUL |
| Language of cataloging | ben / eng |
| Transcribing agency | BD-RjUL |
| Modifying agency | BD-RjUL |
| 041 ## - LANGUAGE CODE | |
| Language code of Book | ben |
| 082 ## - DEWEY DECIMAL CLASSIFICATION NUMBER | |
| DDC Edition number | 23 |
| Classification number | 352.14095492 |
| Author mark and Year | RHC 2010 |
| 100 ## - MAIN ENTRY--PERSONAL NAME | |
| Personal name | রহমান, খলিলুর |
| 9 (RLIN) | 11428 |
| 245 10 - TITLE STATEMENT | |
| Title | চাঁপাই নবাবগঞ্জ পৌর প্রশাসনের পর্যায়ক্রমিক বিকাশ ও আর্থ-সামাজিক উন্নয়ন (১৯০৩-২০০৩) / |
| Statement of responsibility, etc | গবেষক খলিলুর রহমান ; |
| Name of Supervisor/Co-Supervisor | গবেষণা তত্ত্বাবধায়ক : এ বি এম শাজাহান |
| 260 ## - PUBLICATION, DISTRIBUTION, ETC. (IMPRINT) | |
| Place of publication, distribution, etc | রাজশাহী : |
| Name of publisher, distributor, etc | ইসলামের ইতিহাস ও সংস্কৃতি বিভাগ, রাজশাহী বিশ্ববিদ্যালয়, |
| Date of publication, distribution, etc | ২০১০ |
| 300 ## - PHYSICAL DESCRIPTION | |
| Pagination | x, ৩১৪ পাতা : |
| Other physical details | চিত্র ; |
| Dimensions | ২৯ সেমি. |
| 502 ## - DISSERTATION NOTE | |
| Dissertation note | থিসিস (পিএইচ. ডি.) -- ইসলামের ইতিহাস ও সংস্কৃতি বিভাগ, রাজশাহী বিশ্ববিদ্যালয়, ২০১০ |
| 504 ## - BIBLIOGRAPHY, ETC. NOTE | |
| Bibliography, etc | সহায়ক গ্রন্থাবলী : পাতা [২৭৭]-২৮৮ |
| 650 ## - SUBJECT ADDED ENTRY--TOPICAL TERM | |
| Topical term or geographic name as entry element | প্রশাসন |
| Form subdivision | স্থানীয় প্রশাসন |
| Geographic subdivision | বাংলাদেশ |
| 9 (RLIN) | 11429 |
| Topical term or geographic name as entry element | Adminstration |
| Form subdivision | Local Administration |
| Geographic subdivision | Bangladesh |
| 9 (RLIN) | 11430 |
| 700 ## - ADDED ENTRY--SUPERVISOR/CO-SUPERVISOR NAME | |
| Personal name | শাজাহান, এ বি এম. গবেষণা তত্ত্বাবধায়ক |
| 9 (RLIN) | 11431 |
| 942 ## - ADDED ENTRY ELEMENTS (KOHA) | |
| Source of classification or shelving scheme | Dewey Decimal Classification |
| Koha item type | Theses |
| Source of classification or shelving scheme | Damaged status | Not for loan | Collection code | Permanent Location | Current Location | Shelving location | Date of accession | Source of acquisition | Total Checkouts | Full call number | Barcode | Date last seen | Copy number | Thesis |
|---|---|---|---|---|---|---|---|---|---|---|---|---|---|---|
| Dewey Decimal Classification | Not For Loan | Theses | Central Library, University of Rajshahi | Central Library, University of Rajshahi | Documentation Section | 06/06/2011 | Controller of Exam. R. U. | BTHE 352.14095492 RHC 2010 | D3246 | 04/02/2024 | C-I | Theses |